LEADER 01181nam2-2200409---450- 001 990001018090203316 010 $a88-324-9564-3 035 $a0101809 035 $aUSA010101809 035 $a(ALEPH)000101809USA01 035 $a0101809 100 $a20020306d1991----km-y0itay0103----ba 101 $aita 102 $aIT 105 $a||||||||001yy 200 1 $aImposte dirette$v2 205 $a7. ed. aggiornata al marzo 1991 210 $aMilano$cPirola$d1991 215 $aXXXIV, 2281 p$d24 cm 225 2 $aPirola professioni 410 $12001$aPirola professioni 461 $10010101804$12001$aProntuario del consulente fiscale 606 0 $aConsulenza tributaria$xManuali 676 $a336. 700 1$aVINCI,$bCalogero$0107166 701 1$aGAGLIARDI,$bMario$0107167 801 0$aIT$bsalbc$gISBD 912 $a990001018090203316 951 $aCOLL. HNV 5/II$b71876 EC$cCOLL. HNV 959 $aBK 969 $aECO 979 $aPATTY$b90$c20020306$lUSA01$h1232 979 $aPATTY$b90$c20020325$lUSA01$h1319 979 $c20020403$lUSA01$h1743 979 $aPATRY$b90$c20040406$lUSA01$h1710 996 $aImposte dirette$9974456 997 $aUNISA LEADER 00801nam0-22003011i-450- 001 990006570090403321 005 20001010 035 $a000657009 035 $aFED01000657009 035 $a(Aleph)000657009FED01 035 $a000657009 100 $a20001010d--------km-y0itay50------ba 101 0 $aita 105 $ay-------001yy 200 1 $aGiunta regionale$fdi Sergio Bartole 210 $aMilano$cGiuffré$d1968 215 $a29 p., 22 cm 300 $a"Estratto da 'Enciclopedia del Diritto' v.XIX" 676 $a353.9 700 1$aBartole,$bSergio$f<1936- >$0130569 801 0$aIT$bUNINA$gRICA$2UNIMARC 901 $aBK 912 $a990006570090403321 952 $aBUSTA I D 11$b604$fFSPBC 959 $aFSPBC 996 $aGiunta regionale$9623736 997 $aUNINA DB $aGEN01